000
00320nam a22001217a 4500
999
_c
64746
_d
64743
082
_a
۲۹۷.۱۶ م ا ء
100
_a
سید ابوالاعلی مودودی
245
_a
تفھیر القران
250
_a
جلد اول
260
_a
لاھور
_b
ترجمان قران
_c
۱۹۸۲
300
_a
۶۶۴
942
_c
BK